| 000 | 01659cam a2200397 a 4500 | ||
|---|---|---|---|
| 001 | 13682996 | ||
| 003 | NUST | ||
| 005 | 20221028160344.0 | ||
| 008 | 040810s2004 nyu 000 1 eng | ||
| 010 | _a 2004051201 | ||
| 020 | _a0752864122 (pbk.) | ||
| 040 |
_aDLC _cDLC _dDLC |
||
| 050 | 0 | 0 |
_aPS3612.A65 _bR627 2004 |
| 082 | 0 | 0 |
_a813.54 _bLAR |
| 100 | 1 |
_aLarkin, Patrick. _9101676 |
|
| 245 | 1 | 0 |
_aRobert Ludlum's The Lazarus vendetta : _ba covert-one novel / _cwritten by Patrick Larkin. |
| 246 | 3 | 0 | _aLazarus vendetta |
| 250 | _a1st ed. | ||
| 260 |
_aNew York : _bSt. Martin's Griffin, _c2004. |
||
| 300 |
_a409 p. ; _c24 cm. |
||
| 490 | 1 | _aThe Covert-One novels | |
| 500 | _a"Series created by Robert Ludlum." | ||
| 650 | 0 |
_aAnti-globalization movement _vFiction. _9101677 |
|
| 650 | 0 |
_aIntelligence officers _vFiction. _911782 |
|
| 650 | 0 |
_aUndercover operations _vFiction. _9101678 |
|
| 650 | 0 |
_aNanotechnology _vFiction. _9101679 |
|
| 655 | 7 |
_aSuspense fiction. _2gsafd |
|
| 700 | 1 |
_aLudlum, Robert, _d1927-2001. _910844 |
|
| 800 | 1 |
_aLudlum, Robert, _d1927-2001. _tCovert-One novels. _910851 |
|
| 856 | 4 | 2 |
_3Contributor biographical information _uhttp://www.loc.gov/catdir/bios/hol055/2004051201.html |
| 856 | 4 | 2 |
_3Publisher description _uhttp://www.loc.gov/catdir/description/hol053/2004051201.html |
| 856 | 4 | 1 |
_3Sample text _uhttp://www.loc.gov/catdir/enhancements/fy0618/2004051201-s.html |
| 906 |
_a7 _bcbc _corignew _d1 _eocip _f20 _gy-gencatlg |
||
| 942 |
_2ddc _cBK |
||
| 999 |
_c592088 _d592088 |
||